000 00473nab a2200145Ia 4500
003 ES-SlBCS
005 20210601142643.0
008 140529s2008 xxu||||| |||| 00| 0 spa d
041 _aspa
100 1 _aSachs, Jeffrey D.
_9124386
245 0 0 _aEl cambio climático después de Bali
_c Jeffrey D. Sachs
650 0 4 _aCalentamiento Global
_9128215
773 0 _tInvestigacion y Ciencia (Traducción de: Scientific American)
_gnº. 380, 2008, págs. 46
_wRev1650
942 _cAR
999 _c680065
_d680065